| 000 | 00947nas a2200289 4500 | ||
|---|---|---|---|
| 001 | BR2011001350 | ||
| 003 | BR-BrBNA | ||
| 005 | 20231205114516.0 | ||
| 007 | ta | ||
| 008 | 230509b bl.|||p| |||| 00| 00por d | ||
| 040 |
_aBR-BrBNA _bpor _cBiblioteca Nacional de Agricultura |
||
| 041 | _a(Pt) | ||
| 072 | _aF02 | ||
| 100 | 1 | _aAlves, R.B.N. | |
| 100 | 1 | _aBertoni, B.W. | |
| 100 | 1 | _aVieira, R.F. | |
| 100 | 1 | _aFrança, S.C. | |
| 100 | 1 | _aMing, L.C. | |
| 100 | 1 | _aPereira, A.M.S. | |
| 245 | 1 | _aInfluência de diferentes meios de cultura sobre o crescimento de Pfaffia glomerata (Spreng.)Pederson (Amaranthaceae)para conservação in vitro | |
| 650 | _aMACELA BRANCA | ||
| 650 | _aMEIO DE CULTURA | ||
| 650 | _aBANCO DE GERMOPLASMA | ||
| 773 | 0 |
_tRevista Brasileira de Plantas Medicinais (Brazil) _xISSN 1516-0572 _g(Nov 2010), v. 12(4) p. 510-515 _wBR2011001350 |
|
| 909 |
_a202311 _bLúcia _c55 _dLúcia Elande |
||
| 942 |
_2AGRIS _n0 _cANA |
||
| 999 |
_c209095 _d209095 |
||